[Event "Elit(Eksjo-Limhamn)"]
[Site "?"]
[Date "2017.03.24"]
[Round "7"]
[White "Rasmussen, Allan Stig"]
[Black "Lindgren, Philip"]
[Result "1-0"]
[WhiteElo "2502"]
[BlackElo "2421"]
[PlyCount "69"]

1. c4 c6 2. Nf3 d5 3. e3 Nf6 4. Nc3 e6 5. b3 Bd6 6. Bb2 O-O 7. Be2 Ne4 8. Qc2
f5 9. d3 Nxc3 10. Bxc3 Qe7 11. e4 e5 12. exd5 cxd5 13. cxd5 Nd7 14. O-O Nf6 15.
Qb2 Re8 16. Rae1 Nxd5 17. Bxe5 Bxe5 18. d4 Bxh2+ 19. Nxh2 Qd6 20. Bc4 Be6 21.
Re5 Nf4 22. Rfe1 Qc6 23. Bf1 Bf7 24. Qd2 Qh6 25. Nf3 Bh5 26. Bc4+ Kh8 27. Rxe8+
Rxe8 28. Rxe8+ Bxe8 29. Qb4 Qf6 30. Qxb7 Qg6 31. Ne5 Qh5 32. Qe7 Qd1+ 33. Bf1
h6 34. Qxe8+ Kh7 35. Nf3 1-0

[Event "Elit(Eksjo-Limhamn)"]
[Site "?"]
[Date "2017.03.24"]
[Round "7"]
[White "Johansson, Linus"]
[Black "Ornstein, Axel"]
[Result "1-0"]
[WhiteElo "2408"]
[BlackElo "2344"]
[PlyCount "117"]

1. d4 Nf6 2. c4 e6 3. Nc3 Bb4 4. e3 O-O 5. Nge2 d5 6. a3 Bd6 7. Ng3 c6 8. Be2
Re8 9. O-O Nbd7 10. Bd2 Nf8 11. c5 Bc7 12. f4 Ng6 13. Bd3 b6 14. b4 a5 15. Qe2
Ne7 16. Na4 axb4 17. cxb6 Rxa4 18. bxc7 Qxc7 19. axb4 Rxa1 20. Rxa1 Nf5 21. Nf1
Nd6 22. Be1 Nfe4 23. Qc2 Qb7 24. Nd2 Nxd2 25. Bxd2 h6 26. Ra6 Bd7 27. Qa2 Rb8
28. Be1 f5 29. h3 Nb5 30. Qa5 Qc8 31. Bh4 Nc7 32. Ra7 Nb5 33. Bxb5 Rxb5 34. Qc7
Qxc7 35. Rxc7 Be8 36. Be7 Rb6 37. Ra7 Rb8 38. Kf2 Rc8 39. Ke1 Kf7 40. Bd6+ Kg8
41. Be5 Bf7 42. h4 g6 43. Kd2 Rd8 44. Bf6 Rb8 45. Kc3 Kf8 46. Be7+ Kg8 47. Kb3
Be8 48. Ka3 h5 49. Bf6 Rb6 50. Be5 Kf8 51. Bc7 Rb5 52. Bd8 Rb8 53. Bg5 Kg8 54.
Be7 Rb6 55. Bc5 Rb8 56. Ka4 Rd8 57. Ka5 Rd7 58. Ra8 Kf7 59. Kb6 1-0

[Event "Elit(Eksjo-Limhamn)"]
[Site "?"]
[Date "2017.03.24"]
[Round "7"]
[White "Gdanski, Jacek"]
[Black "Brynell, Stellan"]
[Result "1/2-1/2"]
[WhiteElo "2484"]
[BlackElo "2441"]
[PlyCount "49"]

1. c4 Nf6 2. Nc3 e5 3. g3 Bb4 4. Nf3 Nc6 5. Bg2 O-O 6. O-O d6 7. d3 h6 8. Bd2
a6 9. Nd5 Bxd2 10. Nxd2 Rb8 11. Rc1 Be6 12. e3 Nd7 13. a3 Ne7 14. b4 c6 15. Nc3
d5 16. cxd5 cxd5 17. Nb3 b6 18. d4 e4 19. Qe2 Ra8 20. Rc2 Nf6 21. a4 Qd6 22.
Rb1 Rfc8 23. a5 Qxb4 24. axb6 Qxb6 25. Nc5 1/2-1/2

[Event "Elit(Eksjo-Limhamn)"]
[Site "?"]
[Date "2017.03.24"]
[Round "7"]
[White "Jepson, Christian"]
[Black "Vernersson, Per"]
[Result "1/2-1/2"]
[WhiteElo "2427"]
[BlackElo "2293"]
[PlyCount "63"]

1. d4 d5 2. Nf3 Nf6 3. c4 e6 4. Nc3 Be7 5. Bg5 Nbd7 6. e3 O-O 7. Qc2 c5 8. cxd5
Nxd5 9. Bxe7 Qxe7 10. Nxd5 exd5 11. Bd3 cxd4 12. Nxd4 Qb4+ 13. Qd2 Nc5 14. Bc2
Qxd2+ 15. Kxd2 Bd7 16. Rac1 Rfc8 17. b4 Ne6 18. Bb3 Nxd4 19. exd4 Be6 20. Rhe1
Kf8 21. h3 Rxc1 22. Rxc1 Ke7 23. Rc3 Kd6 24. Rg3 g6 25. h4 h6 26. Re3 g5 27.
hxg5 hxg5 28. Rg3 f6 29. Rf3 Rf8 30. Bc2 Bg4 31. Ra3 a6 32. Re3 1/2-1/2

[Event "Elit(Eksjo-Limhamn)"]
[Site "?"]
[Date "2017.03.24"]
[Round "7"]
[White "Malesevic, Nedeljko"]
[Black "Schneider, Stefan"]
[Result "0-1"]
[WhiteElo "2259"]
[BlackElo "2345"]
[PlyCount "88"]

1. d4 Nf6 2. c4 e6 3. Nf3 Bb4+ 4. Nbd2 O-O 5. a3 Be7 6. e4 d6 7. Bd3 e5 8. d5
Nh5 9. g3 Nd7 10. b4 g6 11. Bb2 Ng7 12. g4 h5 13. h3 a5 14. Nf1 Nf6 15. N3h2
Nh7 16. Ng3 h4 17. Ngf1 Bg5 18. Nf3 Bf4 19. Ne3 Bxe3 20. fxe3 Ng5 21. Qe2 c6
22. dxc6 bxc6 23. b5 N7e6 24. a4 Bb7 25. Rd1 Qf6 26. Nxh4 cxb5 27. Rf1 Qh8 28.
Nf3 Qxh3 29. Nxg5 Nxg5 30. axb5 Bxe4 31. Bxe4 Nxe4 32. Qf3 Qh4+ 33. Ke2 Ng3+
34. Kd2 Qh2+ 35. Kc3 Nxf1 36. Qxf1 Rac8 37. Rxd6 Qg3 38. Qe2 Rfd8 39. Rxd8+
Rxd8 40. c5 e4 41. Kc2 Qf3 42. Qe1 Rd3 43. c6 Qg2+ 44. Kc1 Rb3 0-1

[Event "Elit(Eksjo-Limhamn)"]
[Site "?"]
[Date "2017.03.24"]
[Round "7"]
[White "Penalver, Osmani"]
[Black "Thornert, Hakan"]
[Result "0-1"]
[WhiteElo "2245"]
[BlackElo "2219"]
[PlyCount "126"]

1. d4 d5 2. c4 e5 3. dxe5 d4 4. Nf3 Nc6 5. a3 Be6 6. Qb3 Nge7 7. e3 a5 8. exd4
Nxd4 9. Nxd4 Qxd4 10. Be3 Qxe5 11. Qxb7 Rd8 12. Qb5+ Qxb5 13. cxb5 Nf5 14. Ba7
Nd4 15. Bxd4 Rxd4 16. Nc3 Bc5 17. Be2 Ke7 18. O-O Rhd8 19. Bf3 f5 20. Rae1 Kf6
21. Rd1 Bb3 22. Rxd4 Rxd4 23. Re1 g5 24. g4 Rd2 25. Re2 Rxe2 26. Bxe2 Bd4 27.
gxf5 Kxf5 28. Bd3+ Ke5 29. Kf1 h6 30. Ke2 Kf4 31. Kf1 Ke5 32. Ke1 Be6 33. Be2
Bb3 34. Bf3 Bc4 35. Be2 Bb3 36. Bd3 Be6 37. Ke2 Bb3 38. Kf3 Be6 39. Bc2 Bc4 40.
a4 Be6 41. Nd1 g4+ 42. Kg3 Kd6 43. Ne3 Kc5 44. Kh4 Kb4 45. Bd1 Bxb2 46. Nc2+
Kc3 47. Ne3 Kd2 48. Bxg4 Bb3 49. Bd7 Be5 50. Ng4 Bd6 51. Ne3 Ke2 52. Nf5 Bc5
53. Ng3+ Kd3 54. Bf5+ Kd4 55. Ne2+ Ke5 56. Bd3 Bxf2+ 57. Kh5 Be3 58. b6 cxb6
59. Bb5 Kd6 60. Ng3 Kc5 61. Nf5 Bf4 62. h4 Kb4 63. Nxh6 Bxa4 0-1

[Event "Elit(Eksjo-Limhamn)"]
[Site "?"]
[Date "2017.03.24"]
[Round "7"]
[White "Petersson, Dick"]
[Black "Tadjerbashi, Amir"]
[Result "0-1"]
[WhiteElo "1914"]
[BlackElo "2206"]
[PlyCount "54"]

1. e4 e5 2. Nf3 Nc6 3. Bc4 Bc5 4. d3 Nf6 5. Bg5 h6 6. Bh4 g5 7. Bg3 d6 8. h3
Qe7 9. c3 Be6 10. Nbd2 a6 11. b4 Ba7 12. Qb3 O-O 13. Nh2 Kg7 14. h4 g4 15. Nhf1
Nh5 16. f3 Bxc4 17. Qxc4 Qe6 18. Qxe6 fxe6 19. O-O-O gxf3 20. Nxf3 Kh7 21. Bh2
Rg8 22. Rd2 Raf8 23. Bg1 Bxg1 24. Rxg1 Rxf3 25. g4 Nf4 26. Kc2 Nh3 27. Rh1 Nf2
0-1

[Event "Elit(Malmo-Kungstornet)"]
[Site "?"]
[Date "2017.03.24"]
[Round "7"]
[White "Cicak, Slavko"]
[Black "Meier, Georg"]
[Result "1/2-1/2"]
[WhiteElo "2509"]
[BlackElo "2630"]
[PlyCount "61"]

1. c4 c5 2. b3 Nf6 3. Bb2 e6 4. Nf3 b6 5. g3 Bb7 6. Bg2 Be7 7. O-O O-O 8. Nc3
a6 9. Re1 d6 10. e4 Nbd7 11. d3 h6 12. Qe2 Rb8 13. Nd2 Ne5 14. f4 Nc6 15. Nf3
Nd4 16. Qd2 b5 17. cxb5 Nxb5 18. Nd1 Nd7 19. Nf2 Re8 20. Rad1 Qb6 21. d4 cxd4
22. Nxd4 Red8 23. Nxb5 axb5 24. Qd4 Qxd4 25. Bxd4 Ra8 26. Re2 Rdc8 27. Nd3 Nc5
28. Nxc5 dxc5 29. Be3 Kf8 30. Rc1 Ke8 31. Rec2 1/2-1/2

[Event "Elit(Malmo-Kungstornet)"]
[Site "?"]
[Date "2017.03.24"]
[Round "7"]
[White "Jobava, Baadur"]
[Black "Aronsson, Marten"]
[Result "1-0"]
[WhiteElo "2701"]
[BlackElo "2356"]
[PlyCount "119"]

1. Nf3 d5 2. c4 c6 3. d4 Nf6 4. cxd5 cxd5 5. Nc3 Nc6 6. Bf4 a6 7. Ne5 Qb6 8.
Nxc6 bxc6 9. f3 Nh5 10. Be3 e6 11. Qd2 Bd6 12. Bf2 Rb8 13. g4 Nf6 14. O-O-O Nd7
15. Bg3 c5 16. e3 Qc7 17. Bxd6 Qxd6 18. h4 Nb6 19. Qh2 Qxh2 20. Rxh2 c4 21. b3
Bd7 22. bxc4 Nxc4 23. Bxc4 dxc4 24. f4 Ke7 25. e4 Rhd8 26. g5 Bc6 27. Re2 Rd7
28. d5 Ba8 29. dxe6 Rxd1+ 30. Kxd1 fxe6 31. Ke1 Rd8 32. Rd2 Rf8 33. Rf2 Rd8 34.
Rf3 Rd4 35. Re3 Kf7 36. h5 g6 37. h6 Bc6 38. Ke2 Bb7 39. a4 Bc6 40. a5 Rd7 41.
Nb1 Rb7 42. Nd2 Rb4 43. Rc3 Bb5 44. Ke3 Ra4 45. Nf3 Kg8 46. Ne5 Kf8 47. Kf3 Rb4
48. Ke2 Ra4 49. Ke3 Kg8 50. Rc1 Ra3+ 51. Kd4 Rxa5 52. Kc5 Ra2 53. Kd6 Rf2 54.
Nxc4 Rxf4 55. Ne5 a5 56. Rc7 Be8 57. Rg7+ Kh8 58. Ke7 Rxe4 59. Nf7+ Bxf7 60.
Rxf7 1-0

[Event "Elit(Malmo-Kungstornet)"]
[Site "?"]
[Date "2017.03.24"]
[Round "7"]
[White "von Bahr, Oskar"]
[Black "Andersson, Ulf"]
[Result "1/2-1/2"]
[WhiteElo "2360"]
[BlackElo "2516"]
[PlyCount "93"]

1. e4 e6 2. d4 d5 3. Nd2 c5 4. exd5 Qxd5 5. Ngf3 cxd4 6. Bc4 Qd6 7. O-O Nf6 8.
Nb3 Nc6 9. Nbxd4 Nxd4 10. Nxd4 a6 11. Bb3 Be7 12. Bg5 O-O 13. c3 Re8 14. Qf3
Nd5 15. h4 h6 16. Bxe7 Nxe7 17. Rad1 Qc7 18. h5 Bd7 19. Qd3 Nd5 20. Bxd5 exd5
21. Nf5 Qe5 22. Nd4 Qxh5 23. Rfe1 Rad8 24. Qg3 Qg5 25. Qxg5 hxg5 26. f3 f6 27.
Kf2 Re5 28. Rh1 Rde8 29. Rd2 Kf7 30. Rdd1 Ba4 31. Rd2 Kg6 32. Rd3 Bb5 33. Rd2
Bd7 34. Rd3 Ba4 35. Rd2 Re3 36. g3 R3e5 37. Rd3 Bb5 38. Rd2 Bd7 39. Rd3 Kf7 40.
Rd2 Bb5 41. Rc2 Bd7 42. Rd2 Bb5 43. Rc2 Kg6 44. Rd2 Bc6 45. Rd3 Bd7 46. Rdd1
Bb5 47. Rd2 1/2-1/2

[Event "Elit(Malmo-Kungstornet)"]
[Site "?"]
[Date "2017.03.24"]
[Round "7"]
[White "Markovic, Miroslav"]
[Black "Lyrberg, Patrik"]
[Result "0-1"]
[WhiteElo "2465"]
[BlackElo "2459"]
[PlyCount "86"]

1. e4 e5 2. Nf3 Nc6 3. c3 d6 4. d4 Be7 5. Bb5 Nf6 6. d5 a6 7. Qa4 Rb8 8. Bd3 b5
9. Qc2 Na5 10. b4 Nc4 11. Bxc4 bxc4 12. Nbd2 c6 13. Qa4 Rb5 14. dxc6 Qc7 15.
O-O Qxc6 16. Re1 O-O 17. Qc2 Rb8 18. a4 Bb7 19. Rb1 Ba8 20. Ba3 Rfe8 21. h3 Bf8
22. Nh2 Nh5 23. Nhf1 f5 24. Qa2 fxe4 25. Nxc4 d5 26. Nce3 Nf4 27. Ng3 Kh8 28.
b5 axb5 29. axb5 Qxc3 30. Bxf8 Rxf8 31. Rec1 Qd4 32. Rc7 Qb6 33. Qa7 Qg6 34.
Rbc1 d4 35. Ng4 Qg5 36. b6 Nh5 37. Nxh5 Qxh5 38. R1c5 e3 39. fxe3 Bxg2 40. Rxe5
Qh4 41. Qa5 Bd5 42. Rh5 Qxh5 43. Kh2 Rf3 0-1

[Event "Elit(Malmo-Kungstornet)"]
[Site "?"]
[Date "2017.03.24"]
[Round "7"]
[White "Backlund, Anders"]
[Black "Hillarp Persson, Tiger"]
[Result "0-1"]
[WhiteElo "2315"]
[BlackElo "2505"]
[PlyCount "100"]

1. e4 g6 2. d4 Bg7 3. Nc3 d6 4. Be3 a6 5. h4 Nf6 6. f3 b5 7. Qd2 h6 8. O-O-O
Nbd7 9. Kb1 Nb6 10. Bd3 c6 11. Nh3 b4 12. Ne2 a5 13. Nf2 h5 14. Rdg1 Qc7 15. g4
c5 16. e5 dxe5 17. dxc5 Na4 18. g5 Nd7 19. Bb5 Naxc5 20. Qd5 O-O 21. Qc6 Ra7
22. Ne4 Qxc6 23. Bxc6 Rc7 24. Bxd7 Nxd7 25. Rd1 Bb7 26. Rd2 Bc6 27. Rhd1 Rb8
28. Nc1 a4 29. Nd3 Rcc8 30. b3 f5 31. gxf6 exf6 32. Nb2 axb3 33. axb3 Bxe4 34.
fxe4 Nf8 35. Nc4 Rc7 36. Nb6 Ne6 37. Nd5 Rf7 38. Rg2 Kh7 39. Rdg1 Nf8 40. Bc5
Ne6 41. Be3 Nf4 42. Nxf4 exf4 43. Bxf4 Re8 44. e5 fxe5 45. Bd2 e4 46. Bxb4 Ra7
47. c3 Rea8 48. Kc2 Bh6 49. Kd1 Ra1+ 50. Ke2 R8a2# 0-1

[Event "Elit(Malmo-Kungstornet)"]
[Site "?"]
[Date "2017.03.24"]
[Round "7"]
[White "Agrest, Inna"]
[Black "Henriksson, Johan"]
[Result "1-0"]
[WhiteElo "2273"]
[BlackElo "2273"]
[PlyCount "123"]

1. e4 c6 2. d4 d5 3. f3 e6 4. Nc3 Nf6 5. Be3 Bb4 6. e5 Nfd7 7. a3 Bxc3+ 8. bxc3
c5 9. f4 Qa5 10. Bd2 Qa4 11. Nf3 Nc6 12. Qb1 a6 13. Qb3 Qxb3 14. cxb3 b5 15.
Bd3 g6 16. O-O h5 17. h3 Rb8 18. Bc2 a5 19. dxc5 Nxc5 20. b4 Nd7 21. Bd3 a4 22.
Be3 Ba6 23. g4 hxg4 24. hxg4 Nb6 25. Bc5 Nc4 26. Kg2 Bb7 27. Kg3 Kd7 28. Ng5
Nd8 29. Rfd1 Bc6 30. Rf1 Rb7 31. Bd4 Kc8 32. f5 gxf5 33. gxf5 Rg8 34. Kf4 exf5
35. Bxf5+ Bd7 36. Rh1 Ne6+ 37. Bxe6 Bxe6 38. Rh6 Kd7 39. Rf6 Rg7 40. Nxe6 fxe6
41. Rf8 Kc6 42. Rf6 Rbf7 43. Ra2 Kd7 44. Ra1 Ke7 45. Bc5+ Ke8 46. Rh1 Kd7 47.
Rh8 Nb2 48. Bd4 Nd3+ 49. Ke3 Ne1 50. Ra8 Rxf6 51. exf6 Rf7 52. Kf4 Nd3+ 53. Kg5
e5 54. Kg6 exd4 55. cxd4 Rxf6+ 56. Kxf6 Kd6 57. Ra5 Nb2 58. Ra6+ Kc7 59. Ke6
Kb7 60. Ra5 Kb6 61. Kxd5 Nc4 62. Rxa4 1-0

[Event "Elit(Malmo-Kungstornet)"]
[Site "?"]
[Date "2017.03.24"]
[Round "7"]
[White "Andersson, Fredrik"]
[Black "Gajic, Mladen"]
[Result "1/2-1/2"]
[WhiteElo "2259"]
[BlackElo "2364"]
[PlyCount "41"]

1. e4 Nf6 2. e5 Nd5 3. d4 d6 4. Nf3 dxe5 5. Nxe5 c6 6. Bc4 Nd7 7. Nf3 N7b6 8.
Bb3 a5 9. a3 Bf5 10. O-O e6 11. c4 Nf6 12. Be3 Be7 13. h3 h6 14. Nc3 O-O 15.
Qe2 a4 16. Ba2 Ne4 17. Nxe4 Bxe4 18. Ne5 Bf5 19. Rfe1 Bf6 20. Ng4 Bg5 21. f4
1/2-1/2

[Event "Elit(Malmo-Kungstornet)"]
[Site "?"]
[Date "2017.03.24"]
[Round "7"]
[White "Nizov, Anton"]
[Black "Larsson, Anders"]
[Result "1/2-1/2"]
[WhiteElo "2123"]
[BlackElo "2287"]
[PlyCount "86"]

1. d4 e6 2. Nf3 c5 3. e3 Nf6 4. c4 cxd4 5. exd4 d5 6. Nc3 Be7 7. Bd3 Nc6 8. O-O
O-O 9. Re1 Nb4 10. Be2 dxc4 11. Bxc4 Bd7 12. Bg5 Bc6 13. Ne5 Nfd5 14. Bxe7 Qxe7
15. Nxc6 bxc6 16. a3 Nxc3 17. bxc3 Nd5 18. Qf3 Qd6 19. Bb3 Rab8 20. c4 Nf4 21.
Red1 Rfd8 22. c5 Qc7 23. Ba4 Nd5 24. Rab1 Ne7 25. Rxb8 Rxb8 26. Qe4 Nd5 27. Bc2
Nf6 28. Qf3 Qd7 29. Ba4 Nd5 30. g3 h6 31. Kg2 g6 32. h4 h5 33. Bb3 Ra8 34. Ba4
Rb8 35. Bb3 Ne7 36. Ba4 Qd5 37. Qxd5 exd5 38. Kf3 Rb2 39. Rd3 Kg7 40. Re3 Kf6
41. Re2 Rb1 42. Re3 Rb7 43. Re2 Rb1 1/2-1/2

[Event "Elit(Farsta-Rockaden,Umea)"]
[Site "?"]
[Date "2017.03.24"]
[Round "7"]
[White "Petrov, Marijan"]
[Black "Sammalvuo, Tapani"]
[Result "1/2-1/2"]
[WhiteElo "2484"]
[BlackElo "2437"]
[PlyCount "73"]
[SourceDate "2017.03.31"]

1. e4 e6 2. d4 d5 3. e5 c5 4. c3 Qb6 5. Nf3 Nc6 6. a3 Nh6 7. b4 cxd4 8. cxd4
Nf5 9. Be3 f6 10. exf6 gxf6 11. Nc3 Bg7 12. Rc1 O-O 13. Bd3 Nce7 14. O-O Bd7
15. Bb1 Be8 16. Bf4 Ng6 17. Bg3 Nxg3 18. hxg3 a5 19. b5 Bh6 20. Rc2 Qd6 21. a4
Bd7 22. Qd3 Rfc8 23. Ne2 Qb4 24. Rxc8+ Rxc8 25. Bc2 Qc4 26. Qxc4 Rxc4 27. Bb3
Rc7 28. Ne1 Ne7 29. Nd3 Nf5 30. f4 Bf8 31. Rc1 Rxc1+ 32. Ndxc1 Ne3 33. Kf2 Ng4+
34. Kf3 Nh2+ 35. Kf2 Ng4+ 36. Kf3 Nh2+ 37. Kf2 1/2-1/2

[Event "Elit(Farsta-Rockaden,Umea)"]
[Site "?"]
[Date "2017.03.24"]
[Round "7"]
[White "Urkedal, Frode"]
[Black "Lindgren, Mats"]
[Result "1-0"]
[WhiteElo "2557"]
[BlackElo "2241"]
[PlyCount "79"]

1. d4 e6 2. c4 f5 3. g3 Nf6 4. Bg2 Be7 5. Nc3 O-O 6. Qc2 Nc6 7. Nf3 d6 8. d5
Nb4 9. Qb1 e5 10. a3 Na6 11. b4 Qe8 12. Bb2 Qh5 13. Qc2 Bd7 14. h3 Rae8 15. g4
fxg4 16. hxg4 Qxg4 17. Bh3 Qg6 18. Qxg6 hxg6 19. Bxd7 Nxd7 20. Nd2 c6 21. e3
Rf5 22. Ke2 Ref8 23. Rh2 Nc7 24. Rg1 g5 25. Nde4 cxd5 26. cxd5 Nb6 27. Rd1 Rc8
28. Ng3 Rf6 29. e4 Rh6 30. Rg2 g6 31. Nf1 Ne8 32. Ne3 Nf6 33. Rgg1 Nh5 34. Kd2
Nf4 35. Rh1 Rh4 36. f3 Kg7 37. Ne2 Nc4+ 38. Nxc4 Rxc4 39. Rxh4 Nxe2 40. Rg4 1-0

[Event "Elit(Farsta-Rockaden,Umea)"]
[Site "?"]
[Date "2017.03.24"]
[Round "7"]
[White "Wickstrom, Lucas"]
[Black "Degerman, Lars"]
[Result "1/2-1/2"]
[WhiteElo "2365"]
[BlackElo "2457"]
[PlyCount "52"]

1. d4 d5 2. c4 dxc4 3. Nf3 a6 4. e3 Nf6 5. Bxc4 e6 6. O-O c5 7. dxc5 Bxc5 8.
Qxd8+ Kxd8 9. Be2 Ke7 10. Nbd2 Bd7 11. Nb3 Bb6 12. Rd1 Nc6 13. Bd2 Ne4 14. Be1
e5 15. Rac1 Rhd8 16. Rd5 Be6 17. Rxd8 Kxd8 18. Bd3 Bd5 19. Rd1 Ke7 20. Bc2 Nf6
21. Bc3 Rc8 22. h3 h6 23. Bb1 Ke6 24. Nfd2 Ke7 25. Nf3 Ke6 26. Nfd2 Ke7 1/2-1/2

[Event "Elit(Farsta-Rockaden,Umea)"]
[Site "?"]
[Date "2017.03.24"]
[Round "7"]
[White "Ernst, Thomas"]
[Black "Eriksson, Jorgen"]
[Result "1/2-1/2"]
[WhiteElo "2369"]
[BlackElo "2220"]
[PlyCount "121"]

1. e4 d6 2. d4 Nf6 3. Nc3 e5 4. Nf3 Nbd7 5. Bc4 Be7 6. O-O O-O 7. a4 c6 8. Qe2
Qc7 9. Rd1 a5 10. h3 Nb8 11. b3 Na6 12. Bb2 Nd7 13. Qe3 Nb4 14. Rac1 Bf6 15.
dxe5 dxe5 16. Ne2 Re8 17. Ng3 g6 18. Qh6 Nf8 19. c3 Na6 20. Ng5 Be6 21. Bxe6
fxe6 22. Ba3 c5 23. Nf3 Rad8 24. Qe3 Qc6 25. Qe2 c4 26. bxc4 Rc8 27. Bd6 Qxc4
28. Qb2 Nc5 29. Bxe5 Nxa4 30. Qa1 Bxe5 31. Nxe5 Qb5 32. Ng4 Rc4 33. Nf6+ Kf7
34. Nxe8 Qxe8 35. Rd4 Qc6 36. Rxc4 Qxc4 37. Qa3 b5 38. f4 Qd3 39. Kh2 h5 40. f5
h4 41. fxg6+ Nxg6 42. Rf1+ Ke8 43. Rf3 hxg3+ 44. Rxg3 Qxe4 45. Qb3 Qe5 46. c4
Nc5 47. Qxb5+ Nd7 48. Qxe5 Ngxe5 49. Rc3 Nc5 50. h4 Kf7 51. Kh3 a4 52. g4 Ne4
53. Ra3 Nc5 54. Rc3 Kf6 55. Ra3 Nxc4 56. Rc3 a3 57. g5+ Kg7 58. Rxc4 a2 59. Rc1
Nb3 60. Rc7+ Kg8 61. Rc8+ 1/2-1/2

[Event "Elit(Farsta-Rockaden,Umea)"]
[Site "?"]
[Date "2017.03.24"]
[Round "7"]
[White "Malmstig, Erik"]
[Black "Livner, Anders"]
[Result "0-1"]
[WhiteElo "2310"]
[BlackElo "2322"]
[PlyCount "88"]

1. c4 c5 2. Nc3 Nc6 3. Nf3 e5 4. g3 g6 5. Bg2 Bg7 6. O-O Nge7 7. d3 d6 8. a3
O-O 9. Rb1 a5 10. Ne1 Be6 11. Bg5 f6 12. Bd2 d5 13. cxd5 Nxd5 14. Ne4 b6 15.
Nc2 Qd7 16. Re1 Rfc8 17. Ne3 Nxe3 18. Bxe3 Bd5 19. Qa4 Qe6 20. Rbc1 Kh8 21. Nc3
Bxg2 22. Kxg2 f5 23. Qc4 Qd7 24. Kg1 Rab8 25. Qh4 Qe6 26. Qc4 Qd7 27. a4 Re8
28. Kg2 Re6 29. f3 Rd8 30. Bg5 Bf6 31. Be3 Kg7 32. h4 h5 33. Rc2 Nd4 34. Rcc1
Qc6 35. Bg5 Bxg5 36. hxg5 Re7 37. e4 Rf7 38. Nd5 Nxf3 39. Re3 fxe4 40. dxe4
Nxg5 41. Rd1 Qe6 42. Qd3 Rdf8 43. Qe2 Qh3+ 44. Kg1 Nf3+ 0-1

[Event "Elit(Farsta-Rockaden,Umea)"]
[Site "?"]
[Date "2017.03.24"]
[Round "7"]
[White "Hjelm, Niclas"]
[Black "Lindgren, Fredrik"]
[Result "1/2-1/2"]
[WhiteElo "2356"]
[BlackElo "2232"]
[PlyCount "97"]

1. d4 d6 2. Nf3 g6 3. e4 Bg7 4. Bc4 Nc6 5. c3 Nf6 6. Qe2 e5 7. dxe5 Nxe5 8.
Nxe5 dxe5 9. O-O O-O 10. a4 Qe7 11. Na3 Bg4 12. f3 Be6 13. Be3 Rfd8 14. a5 Ne8
15. Rfd1 Nd6 16. Bd5 c6 17. Bxe6 Qxe6 18. Rd2 Bf8 19. Rad1 Re8 20. Qf2 a6 21.
h3 Nb5 22. Nxb5 axb5 23. Bb6 b4 24. Rd7 bxc3 25. bxc3 Re7 26. R7d3 Qc4 27. Qe3
Ree8 28. Kh1 Kg7 29. Rd7 Re7 30. Rxe7 Bxe7 31. Qd3 Qa4 32. Qd7 Bh4 33. Rg1 Rxa5
34. Bxa5 Qxa5 35. Qxb7 Qxc3 36. Qb1 Bg5 37. Qa1 Qc5 38. Re1 Bd2 39. Re2 Be3 40.
Rxe3 Qxe3 41. Qxe5+ Kh6 42. Qf6 Qc1+ 43. Kh2 Qc4 44. g4 Qe2+ 45. Kg3 Qe1+ 46.
Kg2 Qe2+ 47. Kg3 Qe1+ 48. Kg2 Qe2+ 49. Kg3 1/2-1/2

[Event "Elit(Farsta-Rockaden,Umea)"]
[Site "?"]
[Date "2017.03.24"]
[Round "7"]
[White "Nygren, David"]
[Black "Jaderberg, Bjorn"]
[Result "1-0"]
[WhiteElo "2199"]
[BlackElo "2156"]
[PlyCount "59"]

1. e4 e6 2. d4 d5 3. Nc3 Bb4 4. e5 b6 5. Qg4 Bf8 6. Bg5 Qd7 7. Bb5 Nc6 8. Nf3
Bb7 9. O-O h6 10. Bd2 Nge7 11. Ne2 a6 12. Bd3 Nf5 13. Qh3 O-O-O 14. Rfc1 Rg8
15. c4 dxc4 16. Bxf5 exf5 17. Rxc4 g5 18. Qh5 Kb8 19. Rac1 Qd5 20. R4c2 g4 21.
Ne1 Nxd4 22. Nxd4 Qxd4 23. Qxf7 Rg7 24. Qf6 g3 25. hxg3 Rxg3 26. Bc3 Qd7 27.
Rd2 Bd5 28. fxg3 Bc5+ 29. Bd4 Be4 30. Rcd1 1-0

[Event "Elit(Farsta-Rockaden,Umea)"]
[Site "?"]
[Date "2017.03.24"]
[Round "7"]
[White "Lundin, Jan"]
[Black "Mardell, Jimmy"]
[Result "1/2-1/2"]
[WhiteElo "2276"]
[BlackElo "2147"]
[PlyCount "41"]

1. e4 c5 2. Nf3 d6 3. d4 cxd4 4. Nxd4 Nf6 5. Nc3 g6 6. Be2 Bg7 7. O-O O-O 8.
Bg5 Nc6 9. Nb3 a5 10. a4 Be6 11. Kh1 Rc8 12. f4 Qb6 13. f5 Bxb3 14. cxb3 Qd4
15. Qxd4 Nxd4 16. Bc4 gxf5 17. exf5 Rc5 18. Bxf6 Bxf6 19. Ne4 Re5 20. Rf4 Nxf5
21. Raf1 1/2-1/2

[Event "Elit(Team Viking-LASK)"]
[Site "?"]
[Date "2017.03.25"]
[Round "8"]
[White "Tari, Aryan"]
[Black "Goganov, Aleksey"]
[Result "0-1"]
[WhiteElo "2584"]
[BlackElo "2639"]
[PlyCount "48"]

1. e4 e6 2. d4 d5 3. Nc3 Bb4 4. e5 c5 5. a3 Bxc3+ 6. bxc3 Ne7 7. Qg4 Qc7 8.
Qxg7 Rg8 9. Qxh7 cxd4 10. Kd1 dxc3 11. Nf3 Nbc6 12. Ng5 Nxe5 13. f4 f6 14. fxe5
fxg5 15. Qh5+ Kd8 16. Bxg5 Qc5 17. Bd3 Kc7 18. Qh4 Nc6 19. Qf4 Bd7 20. g3 Raf8
21. Bf6 Rxf6 22. exf6+ e5 23. Qh6 Rh8 24. Qg5 Rh5 0-1

[Event "Elit(Team Viking-LASK)"]
[Site "?"]
[Date "2017.03.25"]
[Round "8"]
[White "Ivanov, Sergey"]
[Black "Semcesen, Daniel"]
[Result "0-1"]
[WhiteElo "2545"]
[BlackElo "2470"]
[PlyCount "78"]

1. d4 f5 2. c4 Nf6 3. Nc3 d6 4. Nf3 g6 5. g3 Bg7 6. Bg2 O-O 7. O-O c6 8. d5 Bd7
9. Rb1 Na6 10. b4 Rc8 11. dxc6 bxc6 12. a3 Nc7 13. Qb3 Ne6 14. Rd1 Qe8 15. Be3
a6 16. a4 Kh8 17. a5 Ng4 18. Bb6 g5 19. e3 Qh5 20. Ne2 Rf6 21. h3 Nh6 22. Ned4
g4 23. Nxe6 Bxe6 24. hxg4 fxg4 25. Nd4 Bd7 26. e4 Rcf8 27. Ne2 e5 28. Be3 Nf7
29. c5 Bh6 30. Bxh6 Rxh6 31. Kf1 Rf6 32. Rb2 Be6 33. Qc3 Ng5 34. Nc1 Qh2 35.
Rxd6 Rxf2+ 36. Rxf2 Rxf2+ 37. Kxf2 Nxe4+ 38. Kf1 Nxc3 39. Rxe6 Qxg3 0-1

[Event "Elit(Team Viking-LASK)"]
[Site "?"]
[Date "2017.03.25"]
[Round "8"]
[White "Ahlander, Bjorn"]
[Black "Berg, Emanuel"]
[Result "0-1"]
[WhiteElo "2418"]
[BlackElo "2572"]
[PlyCount "96"]

1. d4 Nf6 2. c4 g6 3. Nc3 Bg7 4. e4 d6 5. Nf3 O-O 6. Be2 e5 7. O-O Nc6 8. d5
Ne7 9. Ne1 Nd7 10. Nd3 f5 11. Bd2 fxe4 12. Nxe4 Nf5 13. f3 Nf6 14. Ndf2 Nd4 15.
Be3 Bf5 16. Rc1 c5 17. dxc6 bxc6 18. Qd2 Bxe4 19. fxe4 c5 20. Rce1 Qd7 21. Bd1
Qb7 22. Qc1 Rab8 23. b3 Rf7 24. Bxd4 cxd4 25. Nd3 Rbf8 26. Bf3 Nd7 27. Qa3 Qc6
28. Qc1 Nc5 29. Nxc5 dxc5 30. Qg5 h5 31. Qg3 Rf4 32. Be2 h4 33. Qd3 Qxe4 34.
Qxe4 Rxe4 35. Rxf8+ Kxf8 36. Kf1 Re3 37. Bf3 Rc3 38. Be4 Kf7 39. Ke2 Bf6 40.
Bd3 Kg7 41. h3 Bg5 42. Bb1 a5 43. Kf1 Bf4 44. Be4 Bg3 45. Rb1 Re3 46. Bf3 e4
47. Bg4 Rc3 48. a3 d3 0-1

[Event "Elit(Team Viking-LASK)"]
[Site "?"]
[Date "2017.03.25"]
[Round "8"]
[White "Agrest, Evgenij"]
[Black "Tikkanen, Hans"]
[Result "1-0"]
[WhiteElo "2593"]
[BlackElo "2518"]
[PlyCount "81"]

1. d4 Nf6 2. Bf4 g6 3. e3 Bg7 4. Nf3 O-O 5. Be2 d6 6. h3 Nbd7 7. Bh2 Qe8 8. c4
c5 9. Nc3 cxd4 10. exd4 a6 11. O-O Nb6 12. Qb3 Qc6 13. Nd2 d5 14. c5 Nbd7 15.
Bf3 e6 16. Qd1 Ne8 17. Nb3 b6 18. Rc1 a5 19. a4 Ba6 20. Re1 Rc8 21. Nb5 Bxb5
22. axb5 Qxb5 23. Be2 Qc6 24. cxb6 Qa8 25. b7 Qxb7 26. Nxa5 Rxc1 27. Nxb7 Rxd1
28. Rxd1 Nef6 29. Nc5 Ra8 30. b4 Ra2 31. Bd3 Nb6 32. Bc7 Nfd7 33. Bb5 Ra7 34.
Bf4 e5 35. dxe5 Nxe5 36. Bg3 h5 37. Bf1 Ra2 38. Na6 d4 39. Nc5 Rb2 40. Bxe5
Bxe5 41. Nd3 1-0

[Event "Elit(Team Viking-LASK)"]
[Site "?"]
[Date "2017.03.25"]
[Round "8"]
[White "Smith, Axel"]
[Black "Westerberg, Jonathan"]
[Result "1/2-1/2"]
[WhiteElo "2511"]
[BlackElo "2480"]
[PlyCount "68"]

1. Nf3 c5 2. e3 Nf6 3. c4 g6 4. d4 Bg7 5. d5 O-O 6. Nc3 d6 7. Be2 e6 8. O-O
exd5 9. cxd5 Na6 10. Nd2 Rb8 11. e4 Re8 12. Re1 Nc7 13. a4 a6 14. a5 Bd7 15. f3
Bb5 16. Nc4 Bxc4 17. Bxc4 b5 18. axb6 Rxb6 19. Ra2 Nd7 20. Bf1 Bd4+ 21. Be3
Bxe3+ 22. Rxe3 Qf6 23. Rd3 Ne5 24. Rd2 Reb8 25. Rf2 h5 26. Qd2 Rb4 27. Qe3 Kg7
28. h3 Nc4 29. Bxc4 Rxc4 30. Rd2 Rd4 31. Kh2 Rb3 32. Re2 Rb6 33. Na4 Rbb4 34.
Nc3 Rb6 1/2-1/2